000 00426nam a2200169Ia 4500
005 20250423100057.0
008 250422s9999 xx 000 0 und d
020 _a0-13-097486-2
050 _aHD 30.25 .M374/
100 _aMathur, Kamlesh
245 0 _aManagement science : the art of decision making
260 _aEnglewood Cliffs, N.J.
260 _bPrentice-Hall
260 _c1994
300 _a901 p
942 _cBK
999 _c32215
_d32215